Catálogo público

Amate y sana tu vida : (Record no. 208241)

MARC details
000 -CABECERA
campo de control de longitud fija 00733nam a2200277Ia 4500
001 - NÚMERO DE CONTROL
campo de control Para_9567
003 - IDENTIFICADOR DEL NÚMERO DE CONTROL
campo de control CHAP
008 - DATOS DE LONGITUD FIJA--INFORMACIÓN GENERAL
campo de control de longitud fija 220125s2007 xx 000 0 und d
010 ## - NÚMERO DE CONTROL DE LA BIBLIOTECA DEL CONGRESO
Número de control de LC 208241
040 ## - FUENTE DE LA CATALOGACIÓN
Centro/agencia transcriptor CHAP
082 ## - NÚMERO DE LA CLASIFICACIÓN DECIMAL DEWEY
Número de clasificación 646.7 H39
100 ## - ENTRADA PRINCIPAL--NOMBRE DE PERSONA
Nombre de persona Hay, Louise L.
9 (RLIN) 174288
245 ## - MENCIÓN DE TÍTULO
Título Amate y sana tu vida :
Resto del título libro de trabajo /
Mención de responsabilidad, etc. por Louise L. Hay
250 ## - MENCIÓN DE EDICIÓN
Mención de edición 22a. reimpresión
260 ## - PUBLICACIÓN, DISTRIBUCIÓN, ETC.
Lugar de publicación, distribución, etc. México, D.F. :
Nombre del editor, distribuidor, etc. Diana
300 ## - DESCRIPCIÓN FÍSICA
Extensión 188 p.
650 ## - PUNTO DE ACCESO ADICIONAL DE MATERIA--TÉRMINO DE MATERIA
Término de materia o nombre geográfico como elemento de entrada Motivación (psicología)
9 (RLIN) 79090
650 ## - PUNTO DE ACCESO ADICIONAL DE MATERIA--TÉRMINO DE MATERIA
Término de materia o nombre geográfico como elemento de entrada Superación personal
9 (RLIN) 143097
901 ## - ELEMENTOS DE DATOS A LOCAL LDA (RLIN)
a 646.7 H39
902 ## - ELEMENTOS DE DATOS B LOCAL, LDB (RLIN)
a M
905 ## - ELEMENTOS DE DATOS E LOCAL, LDE (RLIN)
a 0000002007 0000000000 00
910 ## - DATOS DE OPCIÓN DEL USUARIO (OCLC)
Datos de opción del usuario 2007
942 ## - ELEMENTOS DE PUNTO DE ACCESO ADICIONAL (KOHA)
Tipo de ítem Koha Parasitologia_
942 ## - ELEMENTOS DE PUNTO DE ACCESO ADICIONAL (KOHA)
Tipo de ítem Koha Parasitologia_
-- 1
Holdings
Estado de retiro Estado de pérdida Fuente del sistema de clasificación o colocación Estado dañado No para préstamo Código de colección Localización permanente Ubicación/localización actual Ubicación en estantería Fecha de adquisición Información codificada de la localización en otra ubicación Total de préstamos Código de barras Fecha visto por última vez Número de copia Precio válido a partir de Tipo de ítem Koha Nota pública
    Dewey Decimal Classification     General Parasitologia Agricola Parasitologia Agricola   20/05/2009 PARA   PA_09503 25/01/2022 1 25/01/2022 Libro 3